Dúbravská polka Musik aus der Slowakei. Urauffuhrung mit einer slowakischen Militärmusik

Bibliographic Details
Main Author: Pádivý, Karol, 1908-1965 (Author)
Other Authors: Assmann, Hans, Hollmann, Ulrich (Arranger)
Format: Musical Score Book
Language:German
PhysicalDescription:1 partitúra (5 s.) 30 cm + 43 hlasov
Published: Bad Aussee Adler-Musikverlag [1995]
Edition:[1. vyd.]
Subjects:

MARC

LEADER 00000ncm a2200000 a 4500
001 vtls001484027
003 SK-MaSNL
005 20260302073719.0
007 q|
008 041022s1995 au zzzeg s 0b ger
035 |a SNK000439321 
040 |a SNK  |b slo  |c SNK  |e AACR2 
044 |a SK 
048 |a of01 
072 7 |a 788  |x Hudba pre dychové nástroje  |2 MDT-MRF 
080 |a 78.085.1  |2 MDT-MRF 
080 |a 785.12  |2 MDT-MRF 
080 |a 78.085  |2 MDT-MRF 
084 |a 1.3.1snlmc 
100 1 |a Pádivý, Karol,  |d 1908-1965  |4 aut  |9 37956 
245 1 0 |a Dúbravská polka  |h hudobnina  |b Musik aus der Slowakei. Urauffuhrung mit einer slowakischen Militärmusik  |c von Karol Pádivý. In Harmonie voran : Konzertmarch Musik aus Deutschland. Urauffuhrung mit ainem Musikcorps der Deutschen Bundeswehr / Hans Assmann; Arrangement: Ulrich Hollmann 
250 |a [1. vyd.] 
260 |a Bad Aussee  |b Adler-Musikverlag  |c [1995] 
300 |a 1 partitúra (5 s.)  |c 30 cm +  |e 43 hlasov 
500 |a Dokument obsahuje 2 diela rôznych autorov 
500 |a Názov z obalu 
650 0 7 |a polky  |2 SNKPH 
650 0 7 |a dychová hudba  |2 SNKPH  |9 3426 
655 7 |a tanečné formy  |2 SNKPH  |9 304606 
655 7 |a partitúry a hlasy  |2 SNKPH  |9 70304 
700 1 |a Assmann, Hans  |t In harmonie voran  |9 738461 
700 1 |a Hollmann, Ulrich  |4 arr  |9 738462 
999 |c 1162020  |d 1163950 
952 |a SNK  |b SNK  |y VYP  |7 0  |p 17A0449283  |o snkHSB 3862  |i snkD 1240/2004  |8 1  |0 0  |1 0  |4 0  |d 2004-10-22  |l 0  |r 2005-01-02 00:00:00  |w 2026-02-24